[Event "World Team-ch Open 2019"]
[Site "Astana"]
[Date "2019.03.08"]
[Round "4.13"]
[White "Maghsoodloo, Parham"]
[Black "Amin, Bassem"]
[Result "1/2-1/2"]
[WhiteElo "2673"]
[BlackElo "2709"]
[Annotator "TA"]
[PlyCount "39"]
[EventDate "2019.02.05"]
[EventType "team-tourn"]
[EventCountry "KAZ"]
[SourceTitle "playchess.com"]
[Source "ChessBase"]
[SourceQuality "1"]
[WhiteTeam "Iran"]
[BlackTeam "Egypt"]
[WhiteTeamCountry "IRI"]
[BlackTeamCountry "EGY"]

{[%evp 17,39,19,29,30,27,16,26,0,1,0,0,0,0,-9,6,0,0,0,0,0,0,0,0,0]} 1. d4 Nf6 2. Nf3 e6 3. c4 Bb4+ 4. Bd2 c5 5. Bxb4 cxb4 6. g3 b6 7. Bg2 Bb7 8. O-O O-O 9. Qd3 {E16: Queen's Indian: 4 g3 Bb7 5 Bg2 Bb4+} d6 {LiveBook: 64 Games} 10. a3 (10. Nbd2 Re8 11. e4 e5 12. Ne1 Nc6 13. Nc2 a5 14. Rad1 Qc7 15. Rfe1 Rac8 16. b3 Qb8 17. Nf1 Ba6 18. Nfe3 {½-½ (44) Rodshtein,M (2678)-Fedorchuk,S (2637) Brest 2018}) 10... bxa3 11. Nxa3 $146 {White has an edge.} ({Predecessor:} 11. Rxa3 a5 12. Nc3 Nc6 13. e4 Rc8 14. Rd1 Nb4 15. Qe2 Ba6 16. b3 Qe7 {1-0 (50) Fischer,J (2310)-Csonkics,T (2145) Berlin West 1986}) 11... Nc6 {[%cal Bb8c6,Bc6b4,Bb4a2][%mdl 32]} 12. Nb5 a5 {The position is equal.} 13. Qe3 Ba6 14. Na3 Rc8 15. Rfd1 Nb4 16. Rac1 Na2 17. Ra1 Nb4 18. Rac1 Na2 19. Ra1 Nb4 20. Rac1 {Precision: White = 70%, Black = 71%.} 1/2-1/2

[Event "World Team-ch Open 2019"]
[Site "Astana"]
[Date "2019.03.08"]
[Round "4.14"]
[White "Adly, Ahmed"]
[Black "Idani, Pouya"]
[Result "1/2-1/2"]
[WhiteElo "2611"]
[BlackElo "2604"]
[Annotator "TA"]
[PlyCount "207"]
[EventDate "2019.02.05"]
[EventType "team-tourn"]
[EventCountry "KAZ"]
[SourceTitle "playchess.com"]
[Source "ChessBase"]
[SourceQuality "1"]
[WhiteTeam "Egypt"]
[BlackTeam "Iran"]
[WhiteTeamCountry "EGY"]
[BlackTeamCountry "IRI"]

{[%evp 18,207,31,27,30,11,3,-10,0,-20,-8,-24,0,0,0,-25,0,0,0,-45,-21,-31,-20,-14,-14,-14,-18,-18,-20,-24,0,0,0,-40,-18,-25,26,0,0,0,0,0,0,0,81,47,47,39,35,27,76,64,36,-36,-50,-75,-39,-95,-39,-24,0,0,0,0,0,-17,0,0,90,86,147,152,129,122,121,119,122,64,133,59,200,139,173,11,676,658,656,612,5421,689,451,74,59,63,151,9,8,8,10,8,9,8,63,10,33,0,0,0,49,51,57,34,58,14,13,10,389,362,265,369,219,238,265,328,340,17,18,18,25,25,1457,1471,3689,1345,3908,2369,1452,1487,4137,4137,4137,4137,4084,2706,1460,1092,1024,1031,1115,1106,936,690,628,14,14,14,14,14,14,14,14,13,13,13,14,14,14,14,14,14,14,14,14,14,14,14,14,14,14,14,14,14,14,14,14,14,14,14,14,8,8,8]} 1. d4 Nf6 2. Nf3 d5 3. g3 e6 4. Bg2 Be7 5. O-O O-O 6. c4 Nbd7 7. Qc2 c6 8. Rd1 b6 9. b3 Bb7 10. Nc3 Ba6 {E08: Closed Catalan: Main Line: 7 Qc2} (10... Rc8 11. e4 c5 12. dxc5 dxc4 13. b4 a5 14. a3 axb4 15. axb4 bxc5 16. b5 Qc7 17. Bf4 e5 18. Bg5 Nb6 19. Nd2 {½-½ (32) Nakamura,H (2787)-Carlsen,M (2855) Bilbao 2016}) 11. e4 dxc4 12. Bf4 cxb3 $146 ({Predecessor:} 12... Qc8 13. h4 Re8 14. Bh3 Qb7 15. Bg5 h6 16. Be3 Rad8 17. Qc1 {0-1 (30) Ragger,M (2651)-Grigoriants,S (2570) Wroclaw 2014}) 13. axb3 Bb7 14. h3 Bb4 15. Na2 Be7 16. Nc3 Bb4 17. Na2 Be7 18. Nh2 c5 19. d5 $1 {[%cal Rd5d6]} e5 20. Bc1 Ne8 21. Bb2 Nd6 22. Ng4 f6 23. h4 Nb5 24. Qc4 $1 Nd6 25. Qe2 a5 26. Ne3 a4 (26... Ba6 $142 27. Qg4 c4 28. bxc4 Nc5) 27. bxa4 Rxa4 28. Nc3 Ba6 $1 {[%cal Ra6e2]} 29. Qg4 Rxa1 30. Rxa1 Bc8 (30... Nb8 $11) 31. Nf5 (31. Ra7 b5 $17) 31... Nxf5 32. exf5 Bd6 $1 33. Nb5 {[%mdl 1024] White has compensation.} Nb8 34. h5 (34. Nxd6 $6 Qxd6 35. h5 Rf7 $11) 34... Na6 35. Na7 (35. Nxd6 $14 Qxd6 36. h6) 35... Nc7 $15 36. Bc1 Qd7 37. Be4 ({White should try} 37. h6 $15) 37... Bb7 (37... Ba6 $17 38. Nc6 Kh8) 38. Nc6 Ra8 39. Rxa8+ Bxa8 40. h6 Bf8 41. hxg7 Qxg7 42. Qd1 Nb5 (42... Qd7 $11) 43. Qa4 $16 Nc3 ({Black should play} 43... Nc7) 44. Qxa8 Nxe4 45. Nd8 $1 {[%cal Rd8e6]} Qe7 {With the idea ...Qe8.} (45... Nxg3 $2 46. Ne6 $18) 46. Ne6 $1 $36 {[%mdl 2048] Keeping Black busy.} Kf7 47. g4 (47. Nxf8 $6 Qxf8 48. Qa4 c4 $11) (47. Qa6 $16) 47... Qd6 (47... Qe8 $1 $14 48. Qa7+ Be7) 48. f4 ({Much less strong is} 48. f3 Nc3 $14) (48. Nxf8 $16 Qxf8 49. Qa4) 48... h6 (48... Nc3 $14) 49. fxe5 fxe5 50. Bb2 $2 ({Better is} 50. Nxf8 $18 Qxf8 51. Qc6) 50... Be7 $2 {[%mdl 8192]} (50... c4 $11) 51. Qh8 $1 $18 {[%csl LRe5,LRh6][%mdl 64] Double Attack} Bf6 52. Qxh6 c4 {[#]} 53. g5 (53. Bxe5 $142 $1 {[%mdl 512]} Qa3 (53... Qxe5 54. Qf8#) 54. Qg6+ Ke7 55. Bxf6+ Nxf6 56. Qg7+ Ke8 57. Qh8+ Kf7 58. Nd8+ Ke7 59. Nc6+ Kf7 60. Ne5+ {[%mdl 64] Double Attack} Ke7 61. Qg7+ Kd6 62. Nxc4+ {[%mdl 64] Double Attack} Kxd5 63. Nxa3) 53... Qb4 54. Qh5+ $2 (54. Kf1 $18 {and White stays clearly on top.} Bxg5 55. Nxg5+ Nxg5 56. Bc1) 54... Ke7 $16 {( -> ...Qe1+)} 55. gxf6+ Nxf6 56. Qe2 ({White must play} 56. d6+ $1 $16 Qxd6 57. Qe2) 56... c3 $11 57. Bc1 Kd6 58. Ng5 Kxd5 59. Qa2+ Qc4 60. Qa8+ $1 Qc6 61. Qa2+ Qc4 62. Qg2+ e4 63. Ne6 Qb3 {White should prevent ...Qd1+.} 64. Qf1 c2 65. Qf2 Qc3 66. Kg2 Ng4 $2 {[%mdl 8192]} (66... Kc4 $11) 67. Qe2 $18 {Threatens to win with Qb5+.} Qf3+ 68. Qxf3 exf3+ 69. Kxf3 Ne5+ 70. Ke3 Nc4+ {[#]} 71. Kd3 $2 (71. Kf4 $1 $18) 71... b5 $1 $11 72. Nc7+ ({Not} 72. Kxc2 Ke5 $18) 72... Kc6 73. Ne8 Ne5+ $2 {[%mdl 8192]} (73... Kd5 $11 74. Kxc2 Ke5) 74. Kxc2 $18 Nf3 75. Kd3 Kd5 76. Bb2 Ne5+ 77. Ke2 Nc4 78. Nc7+ Kc6 79. f6 Kd7 80. Bc3 Nd6 81. Nd5 Ke6 82. Nf4+ Kf5 83. Kf3 Ne4 84. Nd5 {Intending Ne3+ and mate.} b4 85. Ne3+ $2 (85. Ke3 $18 {Threatening mate with f7.} Nd6 86. Nxb4) 85... Ke6 $11 {The position is equal.} 86. Bxb4 ({Less strong is} 86. Kxe4 bxc3 87. Kd4 c2 $18) 86... Nxf6 87. Be1 Nd5 88. Nc2 Nf6 89. Bg3 Kd5 90. Ke3 Ke6 91. Kd4 Nh5 92. Be5 Nf6 93. Ne3 Nd7 94. Bh2 Nf6 95. Ng2 {Bg3 is the strong threat.} Kf5 96. Bb8 {Strongly threatening Nf4.} Ke6 97. Nh4 {Black must now prevent Ng2.} Nd7 98. Bc7 {Hoping for Ng2.} Nf6 99. Nf3 Kf5 100. Kd3 {And now Nd4+ would win.} Ke6 101. Bd8 Ne8 102. Kd4 {aiming for Bb6.} Nf6 103. Bxf6 Kxf6 104. Ke4 {Accuracy: White = 54%, Black = 48%.} 1/2-1/2

[Event "World Team-ch Open 2019"]
[Site "Astana"]
[Date "2019.03.08"]
[Round "4.15"]
[White "Tabatabaei, M.amin"]
[Black "Hesham, Abdelrahman"]
[Result "1-0"]
[WhiteElo "2600"]
[BlackElo "2450"]
[Annotator "TA"]
[PlyCount "59"]
[EventDate "2019.02.05"]
[EventType "team-tourn"]
[EventCountry "KAZ"]
[SourceTitle "playchess.com"]
[Source "ChessBase"]
[SourceQuality "1"]
[WhiteTeam "Iran"]
[BlackTeam "Egypt"]
[WhiteTeamCountry "IRI"]
[BlackTeamCountry "EGY"]

{[%evp 26,59,24,8,8,0,6,0,29,20,22,17,20,10,39,0,0,0,-7,-28,318,326,323,323,310,302,438,437,432,426,422,421,499,285,499,487]} 1. d4 d5 2. c4 e6 3. Nc3 Nf6 4. cxd5 Nxd5 5. e4 Nxc3 6. bxc3 c5 7. Nf3 cxd4 8. cxd4 Bb4+ 9. Bd2 Bxd2+ 10. Qxd2 O-O 11. Bc4 Nd7 12. O-O b6 13. Rfe1 Bb7 14. Rad1 Rc8 {D41: Queen's Gambit Declined: Semi-Tarrasch with 5 cxd5} 15. Bb3 Qf6 (15... Re8 16. h3 Nf6 17. Qf4 Nh5 18. Qh2 h6 19. d5 exd5 20. e5 g6 21. Nd4 Ng7 22. Nb5 {½-½ (54) Mamedyarov,S (2820)-Ding,L (2804) Batumi 2018}) 16. d5 e5 {The position is equal.} 17. h3 Nc5 $146 ({Predecessor:} 17... Rc5 18. Re3 Rfc8 19. Ne1 Ba6 20. Ba4 Qd6 21. Bc6 Nb8 22. Ba4 Nd7 23. Bc6 Nb8 24. Ba4 {½-½ (24) Sochacki,W (2281)-Dal Borgo,A (2182) Paris 2014}) 18. Bc2 Rfd8 19. Re3 Rc7 20. Nh2 Bc8 21. Rf3 Qd6 22. Nf1 Ne6 $2 {[%mdl 8192] [#]} (22... Bd7 $11 {and Black has nothing to worry.}) 23. dxe6 $18 Qxd2 24. Rxd2 ({Weaker is} 24. Nxd2 Rxc2 25. e7 Re8 $11) 24... Rxd2 25. Nxd2 Rxc2 {KRB-KRN} (25... Bxe6 $142 26. Bb3 Bxb3) 26. e7 {[%cal Re7e8] [#]} Bd7 27. Rd3 Be8 {Strongly threatening ...f6.} 28. Rd8 {[%cal Rd8e8]} f6 {And now ...Kf7 would win.} 29. Rxe8+ Kf7 30. Ra8 {Accuracy: White = 50%, Black = 29%.} 1-0

[Event "World Team-ch Open 2019"]
[Site "Astana"]
[Date "2019.03.08"]
[Round "4.16"]
[White "Abdelnabbi, Imed"]
[Black "Firouzja, Alireza"]
[Result "0-1"]
[WhiteElo "2435"]
[BlackElo "2657"]
[Annotator "TA"]
[PlyCount "78"]
[EventDate "2019.02.05"]
[EventType "team-tourn"]
[EventCountry "KAZ"]
[SourceTitle "playchess.com"]
[Source "ChessBase"]
[SourceQuality "1"]
[WhiteTeam "Egypt"]
[BlackTeam "Iran"]
[WhiteTeamCountry "EGY"]
[BlackTeamCountry "IRI"]

{[%evp 24,78,-13,-14,-8,-53,-54,-61,-66,-48,-43,-87,-25,-37,-16,-56,-52,-59,-51,-43,-45,-70,-70,-87,-98,-93,-62,-68,-70,-79,-89,-86,-87,-83,-35,-50,-45,-39,-13,-39,-13,-27,-27,-27,-49,-32,-33,-318,-287,-282,-260,-651,-620,-8755,-10993,-29991,-29992]} 1. e4 c5 2. Nc3 d6 3. f4 g6 4. Nf3 Bg7 5. g3 Nc6 6. Bg2 Nf6 7. d3 O-O 8. O-O Rb8 9. h3 b5 10. a3 a5 {[%cal Ba7a5,Ba5b4][%mdl 32]} 11. g4 b4 12. axb4 axb4 13. Ne2 Bb7 {B25: Closed Sicilian: 3 g3, lines without early Be3} (13... c4 14. Be3 Qc7 15. b3 cxb3 16. cxb3 Bxg4 17. hxg4 Nxg4 18. Qd2 Bxa1 19. Rxa1 Ra8 20. Rc1 Nxe3 21. Qxe3 {1-0 (30) Cubas,J (2472)-Matsuura,E (2492) Florianopolis 2018}) 14. Qe1 c4 15. Ng3 $146 ({Predecessor:} 15. Be3 Ra8 16. Ned4 Rxa1 17. Qxa1 Nxd4 18. Nxd4 Qa8 19. Nb5 Qxa1 20. Rxa1 Ra8 21. Rxa8+ Bxa8 {½-½ (21) Iturbide Arnedo,O (2125)-Perez Toledo,A (1553) Las Palmas 2017}) 15... cxd3 {Black is slightly better.} 16. cxd3 Nd7 17. Qe2 Nc5 ({Better is} 17... b3 $17) 18. Be3 $11 Nb3 19. Rab1 Ba6 20. Rfd1 Ncd4 21. Nxd4 Bxd4 22. Bxd4 Nxd4 23. Qf2 e5 24. Nf1 Qb6 {Strongly threatening ...Ne2+.} 25. Kh2 Rfc8 26. Ne3 {[#]} Nc2 $1 {[%mdl 512]} 27. d4 (27. Nxc2 Qxf2) 27... Nxe3 ({Don't play} 27... Nxd4 $6 28. Nd5 $11) 28. Qxe3 Rc4 29. f5 $1 exd4 30. Qh6 {[#] White wants to mate with f6.} Qd8 31. Rd2 Qf6 $36 {[%mdl 2048] next ...Rbc8 is good for Black. Black has some pressure.} 32. Rbd1 Rbc8 33. g5 Qe5+ 34. Kh1 {f6 would kill now.} Kh8 {And now ...Rc1 would win.} 35. f6 $2 {[%mdl 8192]} ({White should play} 35. Rf2 $1 $15 Rc1 36. Rxc1 Rxc1+ 37. Rf1 Rxf1+ {[%mdl 64] Overworked Piece} 38. Bxf1 Qxe4+ 39. Bg2 Qe1+ 40. Kh2 Qe5+ 41. Kg1) 35... Rg8 $19 36. b3 Rcc8 37. Rxd4 $2 (37. Ra2 Rc6 38. Qh4) 37... Be2 38. Rd5 Qg3 39. Rg1 Rc2 {Accuracy: White = 27%, Black = 69%.} 0-1

[Event "World Team-ch Open 2019"]
[Site "Astana"]
[Date "2019.03.08"]
[Round "4.17"]
[White "Grandelius, Nils"]
[Black "Naiditsch, Arkadij"]
[Result "1-0"]
[WhiteElo "2694"]
[BlackElo "2710"]
[Annotator "TA"]
[PlyCount "89"]
[EventDate "2019.02.05"]
[EventType "team-tourn"]
[EventCountry "KAZ"]
[SourceTitle "playchess.com"]
[Source "ChessBase"]
[SourceQuality "1"]
[WhiteTeam "Sweden"]
[BlackTeam "Azerbaijan"]
[WhiteTeamCountry "SWE"]
[BlackTeamCountry "AZE"]

{[%evp 15,89,35,27,16,32,29,18,23,37,33,41,31,32,14,25,21,18,18,18,22,22,13,10,18,32,0,0,0,0,-20,-17,-48,-62,-92,-75,-85,-72,-106,-100,-89,0,0,0,0,0,0,0,0,0,0,0,0,0,0,0,0,159,114,116,117,29976,119,100,100,77,0,0,0,29976,1422,1322,1287,1039,1057,29991,29992]} 1. e4 e5 2. Nf3 Nc6 3. Bb5 Nf6 4. d3 d6 5. O-O Be7 6. Re1 O-O 7. c3 a6 8. Ba4 Re8 9. h3 {C84: Closed Ruy Lopez: Unusual White 6th moves} (9. Nbd2 Bf8 10. Nf1 h6 11. Ng3 b5 12. Bb3 Be6 13. Bxe6 Rxe6 14. a4 b4 15. d4 d5 16. dxe5 Nxe4 17. c4 Nxe5 18. cxd5 Nxf2 19. Kxf2 Ng4+ 20. Kf1 Rxe1+ 21. Qxe1 Qxd5 22. Qe4 Qd1+ 23. Qe1 Qd5 24. Qe4 Qd1+ 25. Qe1 {½-½ (25) Vachier Lagrave,M (2780)-Naiditsch,A (2721) Douglas 2018}) 9... Bf8 10. c4 Bd7 11. Be3 {The position is equal.} Nb8 {[%cal Bc6b8,Bb8d7,Bd7c5][%mdl 32]} 12. Nc3 Bxa4 13. Qxa4 Nbd7 {[#]} 14. a3 $146 ({Predecessor:} 14. b4) 14... Nc5 15. Qc2 c6 16. Rad1 Qc7 17. b4 Ne6 18. d4 exd4 19. Nxd4 Nd7 20. Nce2 Nxd4 21. Bxd4 b5 22. Ng3 c5 23. bxc5 dxc5 24. Ba1 Nb6 25. cxb5 axb5 26. Nf5 Nc4 $1 ({Weaker is} 26... Rxa3 27. Bxg7 $1 {[%mdl 512]} Bxg7 28. Nxg7 $16) 27. Rd3 {Threatens to win with Bxg7!} Rxa3 (27... f6 $17 28. Qd1 Ra7) 28. Rxa3 $11 Nxa3 29. Qb2 {[%cal Rf5g7]} c4 {And now ...f6 would win.} 30. Nxg7 Rc8 31. Nf5 {[%csl Ga1][%cal Rb2h8]} c3 32. Qc1 {Strongly threatening Qg5+.} Kh8 33. Qg5 Qe5 {White must now prevent ...b4.} 34. Re3 {aiming for Rg3.} b4 $1 {...f6 is the strong threat.} 35. Rg3 {[%csl Gg3][%cal Rg5g8]} Bc5 $2 ({Better is} 35... Bg7 $1 $11) 36. Nh6 $40 {[%cal Rh6f7][%mdl 192] Discovered Attack. White wants a kill.} Bxf2+ 37. Kxf2 {[%cal Rh6f7]} Qd4+ $2 {[%mdl 8192]} (37... Qxg5 $16 38. Rxg5 Rf8) 38. Kf3 $2 (38. Ke2 {mates} Qc4+ 39. Kf2 Qd4+ 40. Re3 Rf8 41. Qe7 Qd2+ 42. Kf3 Qd8 43. Qxd8 {[%mdl 64] Overworked Piece} Rxd8 44. Nxf7+ {[%mdl 64] Double Attack} Kg8 45. Nxd8) 38... Qd1+ $16 {[#]} 39. Kf4 $1 {[%cal Rh6f7]} Qd2+ 40. Kf3 $2 {[%mdl 8192]} (40. Kg4 $16 Qxg5+ 41. Kxg5) 40... Qd1+ 41. Kf2 {[%cal Rh6f7]} Qd4+ 42. Qe3 (42. Ke2 $142 Qc4+ 43. Kf2 Qd4+) 42... Qxe3+ $18 43. Kxe3 {[%cal Rh6f7]} Rf8 44. Kd4 {Intending Ke5 and mate.} f6 45. Kd5 {Accuracy: White = 55%, Black = 66%.} 1-0

[Event "World Team-ch Open 2019"]
[Site "Astana"]
[Date "2019.03.08"]
[Round "4.18"]
[White "Mamedov, Rauf"]
[Black "Tikkanen, Hans"]
[Result "1-0"]
[WhiteElo "2701"]
[BlackElo "2510"]
[Annotator "TA"]
[PlyCount "67"]
[EventDate "2019.02.05"]
[EventType "team-tourn"]
[EventCountry "KAZ"]
[SourceTitle "playchess.com"]
[Source "ChessBase"]
[SourceQuality "1"]
[WhiteTeam "Azerbaijan"]
[BlackTeam "Sweden"]
[WhiteTeamCountry "AZE"]
[BlackTeamCountry "SWE"]

{[%evp 23,67,-2,0,-10,0,-22,-25,-35,-20,-34,0,0,0,7,14,11,116,145,224,229,338,318,388,383,381,373,338,367,347,339,343,285,507,495,482,477,541,534,770,764,960,960,29968,29969,6283,5916]} 1. e4 c6 2. d4 d5 3. Nd2 dxe4 4. Nxe4 Nf6 5. Nxf6+ exf6 6. c3 Bd6 7. Bd3 O-O 8. Ne2 {[%cal Bg1e2,Be2g3,Bg3e4][%mdl 32]} Re8 9. Qc2 {B15: Caro-Kann: 3 Nc3: 3...g6 and 3...dxe4 4 Nxe4 Nf6 5 Nxf6+ exf6} h5 10. Be3 Nd7 (10... Qa5 11. O-O h4 12. Bf4 Qc7 13. Qd2 Nd7 14. Rfe1 Nf8 15. Bxd6 Qxd6 16. Qf4 Qxf4 17. Nxf4 {½-½ (121) Savchenko,B (2562)-Nakamura,H (2746) St Petersburg 2018}) 11. Ng3 Nf8 12. O-O-O g6 {LiveBook: 4 Games} 13. Ne4 Be7 14. Kb1 f5 15. Nd2 Be6 {[#]} 16. h3 $146 ({Predecessor:} 16. Nf3) 16... b5 17. g4 fxg4 18. hxg4 hxg4 19. Bf4 Bg5 (19... Bd6 $11 20. Bxd6 Qxd6) 20. Be5 $1 $16 {[%csl Ge5][%cal Rh1h8]} f6 {[#]} (20... f5 $16) 21. f4 $1 $18 {[%cal Rf4g5]} (21. Bxg6 fxe5 22. Bxe8 Qxe8 $11) 21... gxf3 (21... fxe5 $142 22. fxg5 Qd5) 22. Nxf3 fxe5 23. Bxg6 Qf6 {[#]} 24. Be4 $1 {[%cal Bg6e4,Be4f3,Bf3c6][%mdl 32]} Bg4 25. Nxg5 Qxg5 ({And not} 25... Bxd1 26. Qxd1 Re7 27. Rf1 $18) 26. Rdg1 Kf7 {[#]} 27. Bf3 $1 {[%mdl 512]} Bf5 $2 (27... Qf5 {might work better.} 28. Bxg4 Qxc2+ 29. Kxc2 exd4 30. Bh5+ Ke7 31. Re1+ Ne6) (27... Bxf3 28. Rxg5) 28. Rxg5 Bxc2+ 29. Kxc2 exd4 30. Bxc6 Re2+ 31. Kd1 Rxb2 32. Bxa8 dxc3 33. Rf1+ Ke7 34. Rg7+ {Precision: White = 76%, Black = 47%.} 1-0

[Event "World Team-ch Open 2019"]
[Site "Astana"]
[Date "2019.03.08"]
[Round "4.19"]
[White "Blomqvist, Erik"]
[Black "Guseinov, Gadir"]
[Result "1-0"]
[WhiteElo "2488"]
[BlackElo "2664"]
[Annotator "TA"]
[PlyCount "77"]
[EventDate "2019.02.05"]
[EventType "team-tourn"]
[EventCountry "KAZ"]
[SourceTitle "playchess.com"]
[Source "ChessBase"]
[SourceQuality "1"]
[WhiteTeam "Sweden"]
[BlackTeam "Azerbaijan"]
[WhiteTeamCountry "SWE"]
[BlackTeamCountry "AZE"]

{[%evp 18,77,58,42,104,107,108,123,129,141,141,148,156,164,133,120,117,119,179,179,191,187,187,187,388,379,406,335,399,402,433,431,424,266,572,572,736,643,627,868,792,865,828,844,855,828,760,632,840,821,1484,1455,1371,1059,1145,1143,1100,1124,1124,1100,1598,1405]} 1. e4 c5 2. Nf3 Nc6 3. d4 cxd4 4. Nxd4 g6 5. c4 Bg7 6. Be3 Nf6 7. Nc3 O-O 8. Be2 d6 9. O-O Bd7 10. h3 a5 {[#] B38: Sicilian: Maroczy Bind with 5...Bg7 and 7...0-0} (10... Nxd4 $14 11. Bxd4 Bc6) (10... Nxd4 11. Bxd4 Bc6 12. Qc2 a5 13. Rad1 Nd7 14. Bxg7 Kxg7 15. Bg4 Ne5 16. c5 Nxg4 17. hxg4 Qc8 18. cxd6 Qxg4 19. dxe7 Rfe8 {1-0 (43) Cheparinov,I (2711)-Amin,B (2709) Zagreb 2018}) 11. Ndb5 $1 $16 a4 12. Rc1 $146 ({Predecessor:} 12. a3 Qa5 13. f4 Rfc8 14. Qe1 Qd8 15. Qf2 Qf8 16. Rad1 Na5 17. e5 Ne8 18. c5 Bxb5 19. Bxb5 dxe5 20. Nxa4 exf4 21. Bxf4 {1-0 (32) Vega Gutierrez,S (2390)-Chernyak,V (2186) St Petersburg 2018}) 12... Qa5 {White is better.} 13. f4 Rfc8 14. Qe1 Be8 15. Qf2 Nd7 16. Bg4 {And now Bxd7 would win.} Nb4 17. Qe2 Ra6 (17... Rc6 $16) 18. Rfd1 $18 Qd8 19. e5 h5 20. Bf3 Rb8 $2 (20... dxe5 {keeps fighting.} 21. Bxb7 {[%mdl 64] Double Attack} Re6) 21. exd6 exd6 22. a3 Nc6 23. Nxd6 Qe7 24. c5 Nf6 25. Bf2 Bf8 $2 (25... Qxe2 26. Bxe2 Raa8) 26. Bh4 {White is clearly winning.} Raa8 27. Nde4 Nxe4 28. Bxe7 Nxc3 29. Rxc3 Nxe7 30. g4 hxg4 31. hxg4 Bc6 32. Kg2 Re8 33. Re3 Ra5 34. Bxc6 bxc6 35. Rd7 Nd5 36. Rxd5 Rxe3 37. Qxe3 {Intending Rd8 and mate.} cxd5 38. c6 Rc5 {[#]} 39. Qxc5 $1 {[%mdl 576] Promotion. Accuracy: White = 90%, Black = 37%.} 1-0

[Event "World Team-ch Open 2019"]
[Site "Astana"]
[Date "2019.03.08"]
[Round "4.20"]
[White "Safarli, Eltaj"]
[Black "Johansson, Linus"]
[Result "0-1"]
[WhiteElo "2662"]
[BlackElo "2479"]
[Annotator "TA"]
[PlyCount "82"]
[EventDate "2019.02.05"]
[EventType "team-tourn"]
[EventCountry "KAZ"]
[SourceTitle "playchess.com"]
[Source "ChessBase"]
[SourceQuality "1"]
[WhiteTeam "Azerbaijan"]
[BlackTeam "Sweden"]
[WhiteTeamCountry "AZE"]
[BlackTeamCountry "SWE"]

{[%evp 26,82,32,28,22,7,34,10,14,15,52,65,48,48,27,42,29,-36,-36,-40,-56,-80,-66,-75,-60,-62,-62,-77,-24,-72,-62,-64,0,0,0,-13,0,0,56,-98,-65,-383,-420,-1035,-740,-958,-943,-1685,-1656,-2634,-2509,-2860,-2711,-1910,-1331,-1388,-1227,-1308,-1180]} 1. e4 e6 2. d4 d5 3. Nd2 Nf6 4. e5 Nfd7 5. Bd3 c5 6. c3 Nc6 7. Ne2 cxd4 8. cxd4 f6 9. exf6 Nxf6 10. O-O Bd6 11. Nf3 Qc7 12. Nc3 a6 13. Re1 O-O 14. h3 h6 {C06: French Tarrasch: 3...Nf6 4 e5 Nfd7 5 Bd3 main lines} (14... Bd7 15. Be3 Rae8 16. Rc1 Qb8 17. a3 Kh8 18. b4 e5 19. dxe5 Nxe5 20. Nxe5 Bxe5 21. Bb1 Bc6 22. Qd3 {1-0 (42) Spraggett,K (2595)-Oms Pallisse,J (2461) Barcelona 2012}) 15. a3 g5 $146 ({Predecessor:} 15... Kh8 16. Bc2 e5 17. dxe5 Nxe5 18. Nxe5 Bxe5 19. Qd3 Ne4 20. Be3 Bh2+ 21. Kh1 Rxf2 22. Nxe4 dxe4 23. Bxf2 {1-0 (23) Benitez Galeano,A (1871)-De Araujo,M (1661) Cali 2015}) 16. Bc2 Qg7 {The position is equal.} 17. Ne5 Bxe5 18. dxe5 Nd7 19. b3 Ndxe5 {[#] Threatens to win with ...Nf3+!} 20. Bb2 $1 d4 21. Ne4 ({White should play} 21. Na4 $1 $11) 21... Ng6 $15 22. Nd6 e5 23. Be4 {[#]} (23. Qd3 $2 Nf4 $19) 23... Qf6 $1 {[%cal Rf6d6]} 24. Nxc8 Raxc8 25. Qd2 Nf4 26. Rac1 Rcd8 (26... b6 $17) 27. a4 Qd6 28. Rc4 d3 (28... Rd7 $15) 29. f3 Rfe8 30. Kh2 Qd7 31. Rec1 Ne2 ({Better is} 31... Nd4 $11 32. Rc7 Qd6 33. Rxb7 Rb8 34. Rxb8 Qxb8) 32. Rxc6 $2 (32. Rd1 $14 {keeps the upper hand.}) 32... bxc6 $17 33. Rxc6 $2 {[%mdl 8192]} (33. Rd1 $1 $15) 33... Qa7 $19 {[%csl Ge2][%cal Ra7g1]} 34. Qd1 (34. Rc1 $142 Nxc1 35. Bxc1) 34... Qe3 {Black is clearly winning.} 35. Rg6+ Kf7 36. Rxh6 d2 37. Rh7+ Kg8 38. Bc2 Qf4+ 39. Kh1 Ng3+ 40. Kg1 Qe3+ 41. Kh2 Qe1 {Accuracy: White = 40%, Black = 71%.} 0-1